Huncút špeciál slovenský humoristicko-krížovkársky časopis
| Previous Title: | Huncút Maľované krížovky |
|---|---|
| Other Authors: | |
| Format: | Serial |
| Language: | Slovak |
| PhysicalDescription: | 2 zv. 30 cm |
| Published: |
Bratislava
Jenny
2008-2009
|
| ISSN: | 1335-4280 1335-4302 |
| Subjects: |
MARC
| LEADER | 00000nas a2200000 a 4500 | ||
|---|---|---|---|
| 001 | vtls011788838 | ||
| 003 | SK-MaSNL | ||
| 005 | 20260228164409.0 | ||
| 008 | 181105d20082009xo qr 0 0slo | ||
| 022 | |y 1335-4280 | ||
| 040 | |a SNK |b slo |c SNK |e AACR2 | ||
| 041 | 0 | |a slo | |
| 044 | |a xo |c SK | ||
| 072 | 7 | |a 82-9 |x Literárna kritika, vecná literatúra a rôzne ďalšie žánre |2 konspekt | |
| 072 | 7 | |a 74 |x Kresba. Umelecké remeslá |2 SNKPH | |
| 080 | |a 82-7 |2 2011 | ||
| 080 | |a 050 |2 2011 | ||
| 080 | |a 741.5 |2 2011 | ||
| 080 | |a 379.8(051) |2 2011 | ||
| 080 | |a 79(051) |2 2011 | ||
| 080 | |a 793.7 |2 2011 | ||
| 245 | 0 | 0 | |a Huncút špeciál |b slovenský humoristicko-krížovkársky časopis |
| 260 | |a Bratislava |b Jenny |c 2008-2009 | ||
| 300 | |a 2 zv. |c 30 cm | ||
| 362 | 0 | |a Roč. 13, č. 1 (jan./apr. 2008)-roč. 14, č. 1 (2009) |z BA001/2017 | |
| 500 | |a Ročníkovaním nadväzuje na ročníkovanie časopisu Huncút ISSN 1335-4280 | ||
| 500 | |a Podnázov v tiráži: humoristicko krížovkársky časopis | ||
| 500 | |a V tiráži uvedené chybné ISSN, patrí časopisu: Huncút ISSN 1335-4280 | ||
| 500 | |a Šéfredaktorka: 2008-2009, Jana Stráňavová | ||
| 580 | |a Huncút špeciál vznikol zlúčením Huncúta a Maľovaných krížoviek | ||
| 650 | 0 | 7 | |a humor |2 SNKPH |9 1763 |
| 650 | 0 | 7 | |a krížovky |2 SNKPH |9 3313 |
| 650 | 0 | 7 | |a karikatúry |2 SNKP |9 1062 |
| 650 | 0 | 7 | |a anekdoty |2 SNKPH |9 75453 |
| 655 | 0 | 7 | |a zábavné časopisy |2 SNKPH |9 145589 |
| 655 | 7 | |a časopisy pre voľný čas |2 SNKPH |9 70337 | |
| 700 | 0 | |a Stráňavová, Jana |4 pbd |9 267670 | |
| 780 | 0 | 4 | |t Huncút |x 1335-4280 |
| 780 | 0 | 4 | |t Maľované krížovky |x 1335-4302 |
| 910 | |a snk | ||
| 999 | |c 13445 |d 15375 | ||
| 952 | |0 0 |1 0 |4 0 |7 0 |8 0 |a SNK |b SNK |d 2018-11-05 |i snk2018/22666 |l 0 |o snkČSB 6850/13/2008 |p 17A1340294 |r 2026-02-21 21:58:16 |t č. 1-4, neúplné |w 2026-02-21 |y PREZ |z Chýba č. 1, 2, 4 | ||
| 952 | |0 0 |1 0 |4 0 |7 0 |8 0 |a SNK |b SNK |d 2018-11-05 |i snk2018/22707 |l 0 |o snkČSB 6850/13/2008 D1 |p 17A1340293 |r 2026-02-21 21:58:16 |t č. 1-4, neúplné |w 2026-02-21 |y PREZ |z Chýba č. 1, 2, 4 | ||
| 952 | |0 0 |1 0 |4 0 |7 0 |8 0 |a SNK |b SNK |d 2018-11-05 |i snk2018/22708 |l 0 |o snkČSB 6850/14/2009 |p 17A1340292 |r 2026-02-21 21:58:16 |t len č. 1 |w 2026-02-21 |y PREZ | ||
| 952 | |0 0 |1 0 |4 0 |7 0 |8 0 |a SNK |b SNK |d 2018-11-05 |i snk2018/22709 |l 0 |o snkČSB 6850/14/2009 D1 |p 17A1340291 |r 2026-02-21 21:58:16 |t len č. 1 |w 2026-02-21 |y PREZ | ||


